| 000 | 00572nam a22001937a 4500 | ||
|---|---|---|---|
| 005 | 20150615145422.0 | ||
| 010 | _aENG-113140 | ||
| 020 |
_a9788179103951 _c875.00 |
||
| 035 | _aEN-96672 | ||
| 037 | _bDBAD/PUB | ||
| 082 | _a305.56880954 | ||
| 245 |
_aDalits and social marginalisation / _cedited by J. Bheemaiah |
||
| 250 | _a. | ||
| 260 |
_aJaipur _bAavishkar Publishers _c2012 |
||
| 270 |
_a807, Vyas Building, Chaura Rasta, _bJaipur _e302003 |
||
| 300 |
_axxxiii,222p. _c22cm(Hb) |
||
| 700 | _aBheemaiah, J. | ||
| 942 |
_2ddc _cEN _mDAL _h305.56880954 |
||
| 999 |
_c93809 _d93809 |
||